Quizzes
Events
Quiz Creation
Community
Videos
Private Events
Remove Ads
Sign In
Join for FREE
Feedback
Dark Mode
Quiz Categories
Sports
Geography
Music
Movies
Television
Just For Fun
Miscellaneous
History
Literature
Language
Science
Gaming
Entertainment
Religion
Holiday
For Kids
Quiz Lab
Recent
Popular Today
Quiz Kudos Today
Editor Picks
Curator Picks
Quizzes by...
Day
Popularity
Type
Ratings
Length
Year
Community
Subscriptions
Recent Discussions
Orange Saloon
Badges
Playlists
Quests
Create
Leaderboards
Showdown
Live 5
Trivia Bingo
Activity
Puzzle Library
Sporcle Events
Private Events
Virtual Trivia
Globe League
Become a Host
Pub Owners
SporcleCon
Opinionation
Our Games
Videos
Blog
Mobile Apps
Partnerships
Remove Ads and Go Orange
Feedback
Music
Pop Music
The Beatles
Song
Album
Lyrics
Bands
Singers
Artist
Clip
Rock
Rap
Classical
Billboard
Country Music
Kpop
Taylor Swift
Music
Pop Music
The Beatles
Song
Album
Lyrics
Bands
Singers
Artist
Clip
Rock
Rap
Classical
Billboard
Country Music
Kpop
Taylor Swift
Random Quiz
Search Sporcle
×
Curator Pick
Curator Pick
Music
Kpop
Type in answers that appear in a list
Type in answers that appear in a list
Classic
Best Score? Go Orange.
Can you guess the KPOP instrumentals? (2015-2016) Stats
Can you guess the KPOP instrumentals? (2015-2016)
By
michellecy98
18m
50 Questions
8,089 Plays
8,089 Plays
8,089 Plays
Comments
Comments
Give Quiz Kudos
Give Quiz Kudos
-
- Ratings
hide this ad
Replay
Link that replays current quiz
Next Quiz
Link to next quiz in quiz playlist
You Got
0%
They Got
Avg Score
53%
Avg Friend Score
Upgrade to see
Score Distribution
Jump to the score distribution portion of the page
Score
0/50
Timer
18:00
0
Plays Today
Time
Song
% Correct
0:12-
0:23
Hate
88.1%
0:48-
0:59
Dumb Dumb
87.6%
0:00-
0:11
Run
85.5%
5:00-
5:11
DOPE
81.1%
6:36-
6:47
Bang Bang Bang
80.5%
7:24-
7:35
I
80.3%
2:35-
2:46
Bad
78.5%
6:13-
6:23
Call Me Baby
78.1%
5:48-
5:59
Ice-Cream Cake
77.3%
4:24-
4:35
Crazy
76.5%
8:00-
8:13
Just Right
74.2%
8:37-
8:48
I Need U
72.2%
3:48-
3:59
View
71.7%
8:14-
8:24
Love Me Right
70.8%
3:23-
3:34
4 Walls
70.7%
1:49-
1:59
The 7th Sense
68.6%
2:23-
2:34
Loser
68.2%
5:24-
5:35
If You Do
68.1%
4:12-
4:23
Hot Pink
67.5%
8:25-
8:36
Lion Heart
67.2%
2:59-
3:11
Rough
66.4%
6:00-
6:12
Rhythm Ta
66.1%
5:12-
5:23
Me Gustas Tu
65.9%
9:01-
9:12
Like OOH AHH
64.5%
6:24-
6:35
Shake It
61.1%
Time
Song
% Correct
0:36-
0:47
Fly
60.5%
3:35-
3:47
Adore U
59.3%
7:36-
7:47
Chained Up
58%
1:00-
1:11
Mansae
57.1%
3:12-
3:22
Dumb & Dumber
53%
9:25-
9:36
You Think
49.1%
8:49-
9:00
Trespass
45.7%
6:48-
6:59
Only You
42.5%
2:47-
2:58
Feel So Good
42.2%
0:24-
0:35
Dream
40.9%
1:36-
1:48
Baby Baby
40.1%
1:12-
1:23
Press Your Number
37.4%
9:49-
10:01
Ah-Choo
33.5%
5:36-
5:47
Um Oh Ah Yeh
31%
1:24-
1:35
I'm Jelly BABY
30.7%
7:12-
7:23
You're the best
29.7%
7:00-
7:11
Sing For You
28.3%
9:13-
9:24
Rain
25.8%
2:00-
2:12
Call You Bae
21.6%
9:37-
9:48
Breathe
17.3%
4:00-
4:11
Young, Wild & Free
15.9%
2:13-
2:22
Borders
9.7%
7:48-
7:59
YeY
9.2%
4:48-
4:49
Hold My Hand
6%
4:36-
4:47
Tell Me (What Is Love)
4.4%
Quiz Playlist
Details
Report
Send in Message
Add To Playlist
Classic:
Type in answers that appear in a list
Last Updated: Jul 30, 2017
Curator Pick in
Kpop
Quiz Scoreboard
CHALLENGE
Sign Up to Join the Scoreboard
Show All
Scores
Hide
Comments
May contain spoilers
Recently Published
Popular People in 1961
by mucciniale
History
6m
1-10 Letter E Words III
by El_Dandy
Language
2m
One Thing in Common: World Cities II
by knightlancer
Geography
7m
More to Explore
Quiz From the Vault
Featured Blog Post
Where Did the Easter Bunny Come From?
hide this ad
You Might Also Like...
Tags
Kpop Quiz
2015-2016
instrumental
Kpop Quiz
Today's Top Quizzes in Music
Browse Music
hide this ad
Today's Top Quizzes in Kpop
Browse Kpop
Top Contributed Quizzes in Music
1
Taylor Swift All Songs (2024)
2
2010s Album by Cover III
3
One Thing in Common: Music
4
Taylor Swift Logic Puzzle
5
Guess the Artist- 70s Songs
6
2010s Album by Cover IV
7
Guess the Taylor Swift song (Mystery Song)
8
2010s Album by Cover V
9
Lana Del Rey Discography (BTD to DYKTTATUOB)
10
2010s Album by Cover VI
Explore More
Trending Topics
Marvel
Disney
Harry Potter
NBA
Anime
Crossword
Kpop
WWE
Puzzle
Country
NFL
Soccer
Pokémon
Song
The Office
hide this ad
More By:
michellecy98
Quiz
Plays
Rating
Category
Featured
Created
Can you name the various facts of SEVENTEEN (KPOP)?
20,753
3.26
Music
Nov 19, 2015
Can you name the various facts of all NCT Units?
10,427
4.06
Music
Jan 26, 2017
Guess the kpop group name in Korean
9,170
4.97
Entertainment
Jul 7, 2017
NCT & SEVENTEEN Members Name Typing Challenge
8,763
5.00
Entertainment
Aug 23, 2019
Can you guess the KPOP instrumentals? (2015-2016)
8,089
4.71
Music
Apr 17, 2016
Go to Creator's Profile
Score Distribution
Quiz Creator Spotlight
michellecy98
Follow
Send a Message
Quizzes Created
-
Created Quiz Play Count
-
More By This Creator
Popular Quizzes Today
1
Find the US States - No Outlines Minefield
2
Find the Countries of Europe - No Outlines Minefield
3
The Countries of the World
4
Popular People in 1961
5
1-10 Letter E Words III
6
Find the US States
7
One Thing in Common: World Cities II
8
US States
More Music Quizzes
Pick the Correct Studio Album II
Published
Trending Quizzes
Risky Map Clicking: Least Populous States A-Z
1-10 Letter F Words
1-10 Letter G Words
One Thing in Common: United Kingdom
Risky Map Clicking: Next State Alphabetically
Recently Updated
Leaping Animals
pecheneg
Reality TV Shows (A-Z)
bhenderson79
Rickey Henderson's Hall of Fame Teammates
pecheneg
Champions League XIs: Arsenal
pecheneg
Quick Pick: Celebrities in WWE's Hall of Fame
aduchscher
A-Z Keypad Blitz II
pecheneg
Multiple Oscar Actors
pecheneg
Mystery Phrase Blitz: Oscar 'Best Actors'
pecheneg
F. Scott Fitzgerald Novels
LTH
Pick 3 Villains
ddd62291
Trending Topics
Harry Potter
Crossword
Disney
Marvel
NBA
Anime
Kpop
The Office
Country
Pokémon
Song
Soccer
NFL
Puzzle
WWE
Your Account Isn't Verified!
In order to create a playlist on Sporcle, you need to verify the email address you used during registration. Go to your
Sporcle Settings
to finish the process.
Report this User
Report this user for behavior that violates our
Community Guidelines
.
Details:
Send Report
Go to the Sporcle.com Mobile Site →
Comments